000 00396nam a22001697a 4500
003 OSt
008 240415b |||||||| |||| 00| 0 eng d
020 _a9789355322067
082 _a621.38 SAE
100 _aSALIVAHANAN,S
245 _aElectronic Devices And Circuits
250 _a5th Ed
260 _aNew Delhi
_bTMH
_c2023
300 _aMISC
700 _aSURESH KUMAR,N
942 _2ddc
_cBK
999 _c12505
_d12505